Historia económica de la ganadería argentina /
Guardado en:
| Autor Principal: | |
|---|---|
| Formato: | Libro |
| Publicado: |
Argentina :
Solar/hachette,
1974
|
| Materias: | |
| Etiquetas: |
Agregar Etiqueta
Sin Etiquetas, Sea el primero en etiquetar este registro!
|
| LEADER | 00594nam a22001935a 4500 | ||
|---|---|---|---|
| 001 | CEM.cems002889 | ||
| 005 | 19000101000000.0 | ||
| 008 | 130507s1974##################000#0#####d | ||
| 003 | CEMS | ||
| 082 | 0 | 4 | |a 630.982 |
| 100 | 1 | |a Giberti, Horacio C. E. | |
| 245 | 1 | 0 | |a Historia económica de la ganadería argentina / |c Horacio C. E. Giberti |
| 260 | |a Argentina : |b Solar/hachette, |c 1974 | ||
| 300 | |a 217 p. | ||
| 653 | |a Economia argentina | ||
| 653 | |a Ganaderia | ||
| 653 | |a Ganaderia-historia | ||
| 653 | |a Historia economica argentina | ||
| 859 | |a CEMS |b BIB. CEMS - 11 de abril |h 630.982 |i G355 |p 3429.75 |t Ej.1 | ||
